000 00430nam a2200181Ia 4500
001 13672
005 20260306164818.0
008 260306t2015||||xx |||||||||||||| ||spa||
041 _aESP
082 _a005.12
_bCH549
100 _aChicala, Carlos
_eAUT
245 0 _aAdquisición de datos:
_bmedir para conocer y controlar
260 _c2015
300 _a
_c
650 _aGEN
654 _aCCC
942 _cLIB
_dJUS
_fJUS
_2ddc
_n
999 _c13672
_d13672